000 00605nam a2200169 i 4500
001 178774
003 ES-MaACL
005 20230906220612.0
008 110620s1877 fr |||| | fre d
100 1 _aDally, E.
_9126691
245 1 0 _aEtablissement hydrothérapique et orthomorphique du parc Monceaux... / E. Dally /
_cdirigé par le docteur E. Dally.
260 _a[S.l. :
_bs.n.,
_c1877?]
300 _a12 p. ;
_c21 cm.
594 _aEjemplar sin portada, título y autor tomado de principio del texto.
650 4 _aHidroterapia-
_vObras anteriores a 1800.
_9147184
852 _aES-MaACL
_jT-278-F-4
999 _c178774
_d178774